Loading...
Philosophical propositions : an introduction to philosophy /
Philosophical Propositions is a fresh, up to date, and reliable introduction to philosophical problems. It takes seriously the need for philosophy to deal with definitive and statable propositions, such as God, certainty, time, personal identity, the mind/body problem, free will and determinism, and...
| Hovedforfatter: | |
|---|---|
| Format: | Printed Book |
| Sprog: | English |
| Udgivet: |
London ; New York :
Routledge,
1998.
|
| Fag: | |
| Online adgang: | http://www.loc.gov/catdir/enhancements/fy0649/97033483-d.html |
| LEADER | 01319cam a2200229 a 4500 | ||
|---|---|---|---|
| 008 | 970804s1998 enka b 001 0 eng | ||
| 020 | |a 0415170532 (pbk.) |c £ 11.99 | ||
| 082 | 0 | 0 | |a 100 |2 21 |
| 100 | 1 | |a Westphal, Jonathan | |
| 245 | 1 | 0 | |a Philosophical propositions : |b an introduction to philosophy / |c Jonathan Westphal. |
| 260 | |a London ; |a New York : |b Routledge, |c 1998. | ||
| 300 | |a xi, 169 p. ; |b ill. ; |c 24 cm. | ||
| 504 | |a Includes bibliographical references and index. | ||
| 520 | |a Philosophical Propositions is a fresh, up to date, and reliable introduction to philosophical problems. It takes seriously the need for philosophy to deal with definitive and statable propositions, such as God, certainty, time, personal identity, the mind/body problem, free will and determinism, and the meaning of life. | ||
| 650 | 0 | |a Analysis (Philosophy) | |
| 650 | 0 | |a Philosophy |v Introductions. | |
| 856 | 4 | 2 | |u http://www.loc.gov/catdir/enhancements/fy0649/97033483-d.html |
| 906 | |a 7 |b cbc |c orignew |d 1 |e ocip |f 19 |g y-gencatlg | ||
| 942 | |c BK | ||
| 955 | |a pc21 to sa00 08-04-97; sh14 08-04-97; sh06 08-06-97; sh38 08-07-97;aa05 08-08-97; CIP ver. sh21 06-19-98 | ||
| 999 | |c 275809 |d 275809 | ||
| 952 | |0 0 |1 0 |2 ddc |4 0 |6 100_000000000000000_WES_P |7 0 |9 310323 |a PHL |b PHL |c ST1 |d 2015-07-03 |i 3284 |l 0 |o 100 WES/P |p PHL3284 |r 2015-07-03 |y BK |k £ 11.99 | ||